Dance the Night - Dua Lipa - Lyrics - Statistics

General Stats
  • This quiz has been taken 35 times
  • The average score is 285 of 400
Answer Stats
Lyrics % Correct
a
100%
night
100%
the
100%
dance
96%
Dance
96%
I
96%
(I
96%
me
96%
me,
96%
me?
96%
you
96%
away
93%
my
89%
My
89%
on
89%
be
86%
can
86%
can)
86%
can,
86%
heart
86%
Watch
86%
watch
86%
do
82%
see
82%
could
79%
it
79%
it,
79%
it)
79%
out
79%
to
79%
but
75%
don't
75%
Don't
75%
face
75%
When
75%
when
75%
wont
75%
won't
75%
Baby,
71%
baby,
71%
so
71%
under
71%
every
64%
lights
64%
no
64%
and
61%
beat,
61%
best
61%
burnin',
61%
feel
61%
of
61%
place
61%
shakes
61%
find
57%
give
57%
keep
57%
night's
57%
romance
57%
still
57%
tonight
57%
'cause
54%
'Cause
54%
chance
54%
Diamonds
54%
diamonds
54%
eyes
54%
for
54%
know
54%
moment
54%
ride?
54%
tears,
54%
tears
54%
that's
54%
tight,
54%
believe
50%
come
50%
damn
50%
hair
50%
heartbeat
50%
one
50%
Ooh,
50%
party
50%
shine
50%
about
46%
along
46%
been
46%
I'll
46%
I've
46%
just
46%
not
46%
outfit
46%
safe
46%
wanna
46%
world
46%
breaks
43%
count
43%
edge
43%
goin',
43%
heat,
43%
here,
43%
Lately
43%
play
43%
rhythm
43%
stay
43%
take
43%
up,
43%
ain't
39%
bends,
39%
close
39%
missing
39%
never
39%
Turn
39%
alive,
36%
alive)
36%
are
36%
moving
36%
runnin',
36%
runnin'
36%
Even
32%
steps
32%
lookin'
25%
(Yes,
25%
(yes,
25%
yes,
25%
flowin'
18%
like
18%
(they
18%
(Uh-Huh)
18%
No matching quizzes found
Score Distribution
Percent of People with Each Score
Percentile by Number Answered
Your Score History
You have not taken this quiz